000 00835nam a22002651 4500
001 34016
003 BD-RjUL
005 20211209052108.0
008 160615r19681968njua b 001 0 eng d
035 _a(BD-RjUL)34109
040 _aDLC
_cDLC
_dDLC
_dBD-RjUL
_beng
041 _aeng
082 0 0 _a338.9
_bMCA 1968
100 1 _aMcClelland, David C.
_q(David Clarence)
_9103395
245 1 4 _aThe achieving society /
_cDavid C. McClelland.
260 _aPrinceton, N.J. :
_bVan Nostrand,
_c1961 [printing 1968]
300 _axv, 512 p. :
_bill. ;
_c24 cm.
504 _aIncludes bibliographical references and index.
650 0 _aEconomic development.
_9103396
650 0 _aAchievement motivation.
_990816
650 0 _aEconomic history.
_9103397
650 0 _aEntrepreneurship.
_9103398
942 _2ddc
_cBK
999 _c34016
_d34016